[Event "World Chess Olympiad 2018"]
[Site "Batumi"]
[Date "2018.10.04"]
[Round "10"]
[Board "4"]
[WhiteFideId "409561"]
[White "Jones Gawain C B"]
[BlackFideId "4152956"]
[Black "Vitiugov Nikita"]
[Result "1/2-1/2"]
[LiveChessVersion "1.4.8"]
[BlackElo "2726"]
[WhiteElo "2677"]

1. e4 {[%clk 1:30:49]} e5 {[%clk 1:30:43]} 2. Nf3 {[%clk 1:31:05]} Nc6
{[%clk 1:31:09]} 3. Bb5 {[%clk 1:31:28]} a6 {[%clk 1:31:33]} 4. Ba4
{[%clk 1:31:53]} Nf6 {[%clk 1:31:58]} 5. O-O {[%clk 1:32:11]} Be7
{[%clk 1:31:44]} 6. Re1 {[%clk 1:32:25]} b5 {[%clk 1:32:08]} 7. Bb3
{[%clk 1:32:50]} d6 {[%clk 1:32:31]} 8. c3 {[%clk 1:33:06]} O-O {[%clk 1:32:47]}
9. d4 {[%clk 1:33:19]} Bg4 {[%clk 1:32:39]} 10. Be3 {[%clk 1:33:36]} exd4
{[%clk 1:32:14]} 11. cxd4 {[%clk 1:33:55]} Na5 {[%clk 1:32:37]} 12. Nbd2
{[%clk 1:32:36]} Nxb3 {[%clk 1:31:56]} 13. axb3 {[%clk 1:32:56]} Qd7
{[%clk 1:30:58]} 14. h3 {[%clk 1:30:50]} Bh5 {[%clk 1:27:43]} 15. d5
{[%clk 1:27:26]} Bg6 {[%clk 1:16:31]} 16. Bf4 {[%clk 1:18:52]} c6
{[%clk 1:13:30]} 17. dxc6 {[%clk 1:12:16]} Qxc6 {[%clk 1:13:55]} 18. Nd4
{[%clk 1:01:45]} Qb7 {[%clk 1:05:17]} 19. Nf5 {[%clk 0:58:17]} Bxf5
{[%clk 1:01:49]} 20. exf5 {[%clk 0:57:52]} Rfe8 {[%clk 1:01:32]} 21. Bg5
{[%clk 0:47:28]} h6 {[%clk 0:57:48]} 22. Bh4 {[%clk 0:46:54]} Qd5
{[%clk 0:51:37]} 23. Ne4 {[%clk 0:44:16]} Qxd1 {[%clk 0:43:40]} 24. Raxd1
{[%clk 0:41:12]} Nxe4 {[%clk 0:44:01]} 25. Rxe4 {[%clk 0:41:25]} Bf8
{[%clk 0:40:39]} 26. Rxe8 {[%clk 0:34:03]} Rxe8 {[%clk 0:41:06]} 27. Ra1
{[%clk 0:34:10]} d5 {[%clk 0:30:13]} 28. Rd1 {[%clk 0:31:50]} Re2
{[%clk 0:25:24]} 29. Rxd5 {[%clk 0:29:40]} f6 {[%clk 0:24:04]} 30. Bg3
{[%clk 0:27:12]} Rxb2 {[%clk 0:21:13]} 31. Rd8 {[%clk 0:26:50]} Kf7
{[%clk 0:21:36]} 32. Bd6 {[%clk 0:26:11]} Bxd6 {[%clk 0:20:57]} 33. Rxd6
{[%clk 0:25:10]} a5 {[%clk 0:17:14]} 34. Ra6 {[%clk 0:25:11]} Rxb3
{[%clk 0:13:10]} 35. Rxa5 {[%clk 0:25:34]} Ke7 {[%clk 0:11:13]} 36. Ra7+
{[%clk 0:24:00]} Kf8 {[%clk 0:09:14]} 37. Ra8+ {[%clk 0:23:45]} Kf7
{[%clk 0:09:42]} 38. Ra7+ {[%clk 0:24:08]} Kg8 {[%clk 0:10:09]} 39. Rb7
{[%clk 0:24:08]} h5 {[%clk 0:09:24]} 40. g3 {[%clk 0:53:30]} h4 {[%clk 0:36:17]}
41. Kg2 {[%clk 0:46:05]} Rb2 {[%clk 0:31:43]} 42. Kf3 {[%clk 0:42:49]} Rb4
{[%clk 0:25:52]} 43. Rb8+ {[%clk 0:41:39]} Kh7 {[%clk 0:23:17]} 1/2-1/2

[Event "World Chess Olympiad 2018"]
[Site "Batumi"]
[Date "2018.10.04"]
[Round "10"]
[Board "1"]
[WhiteFideId "623539"]
[White "Vachier-Lagrave Maxime"]
[BlackFideId "14508150"]
[Black "Saric Ivan"]
[Result "1/2-1/2"]
[LiveChessVersion "1.4.8"]
[BlackElo "2689"]
[WhiteElo "2780"]

1. e4 {[%clk 1:30:58]} c5 {[%clk 1:30:56]} 2. Nf3 {[%clk 1:31:24]} d6
{[%clk 1:31:21]} 3. Bb5+ {[%clk 1:31:52]} Nd7 {[%clk 1:31:47]} 4. Ba4
{[%clk 1:32:17]} Ngf6 {[%clk 1:31:54]} 5. O-O {[%clk 1:32:27]} a6
{[%clk 1:32:04]} 6. c4 {[%clk 1:32:49]} g6 {[%clk 1:32:00]} 7. Nc3
{[%clk 1:32:54]} Bg7 {[%clk 1:32:26]} 8. h3 {[%clk 1:32:34]} O-O {[%clk 1:32:44]}
9. Re1 {[%clk 1:32:58]} b6 {[%clk 1:26:13]} 10. d4 {[%clk 1:20:24]} cxd4
{[%clk 1:25:47]} 11. Nxd4 {[%clk 1:20:45]} Bb7 {[%clk 1:25:37]} 12. Nc6
{[%clk 1:21:09]} Bxc6 {[%clk 1:25:46]} 13. Bxc6 {[%clk 1:21:34]} Rb8
{[%clk 1:21:07]} 14. Qe2 {[%clk 1:02:13]} Ne5 {[%clk 1:19:40]} 15. Ba4
{[%clk 1:02:37]} Nxc4 {[%clk 1:08:51]} 16. Qxc4 {[%clk 1:01:08]} b5
{[%clk 1:09:19]} 17. Bxb5 {[%clk 1:00:06]} axb5 {[%clk 1:07:58]} 18. Nxb5
{[%clk 1:00:29]} Qa5 {[%clk 0:59:21]} 19. Nc3 {[%clk 1:00:53]} Nd7
{[%clk 0:59:30]} 20. Qe2 {[%clk 0:51:16]} Bxc3 {[%clk 0:58:35]} 21. bxc3
{[%clk 0:50:43]} Qxc3 {[%clk 0:59:01]} 22. Bd2 {[%clk 0:48:05]} Qa3
{[%clk 0:53:58]} 23. Qe3 {[%clk 0:48:15]} Qxe3 {[%clk 0:52:56]} 24. Rxe3
{[%clk 0:48:30]} Rb2 {[%clk 0:51:03]} 25. Bc3 {[%clk 0:45:59]} Rc2
{[%clk 0:51:28]} 26. a4 {[%clk 0:46:19]} Ra8 {[%clk 0:39:36]} 27. a5
{[%clk 0:44:58]} f6 {[%clk 0:39:30]} 28. Be1 {[%clk 0:42:50]} Nc5
{[%clk 0:38:34]} 29. Kf1 {[%clk 0:42:55]} Kf7 {[%clk 0:38:43]} 30. f3
{[%clk 0:42:44]} Ra6 {[%clk 0:36:27]} 31. Re2 {[%clk 0:39:51]} 1/2-1/2

[Event "World Chess Olympiad 2018"]
[Site "Batumi"]
[Date "2018.10.04"]
[Round "10"]
[Board "2"]
[WhiteFideId "14507927"]
[White "Bosiocic Marin"]
[BlackFideId "605506"]
[Black "Bacrot Etienne"]
[Result "1/2-1/2"]
[LiveChessVersion "1.4.8"]
[BlackElo "2678"]
[WhiteElo "2600"]

1. d4 {[%clk 1:30:57]} d5 {[%clk 1:29:43]} 2. c4 {[%clk 1:31:16]} e6
{[%clk 1:30:07]} 3. Nf3 {[%clk 1:31:40]} Nf6 {[%clk 1:30:31]} 4. g3
{[%clk 1:32:06]} Be7 {[%clk 1:30:44]} 5. Bg2 {[%clk 1:32:30]} O-O
{[%clk 1:31:06]} 6. O-O {[%clk 1:32:51]} dxc4 {[%clk 1:31:25]} 7. Qc2
{[%clk 1:32:40]} b6 {[%clk 1:30:58]} 8. Bg5 {[%clk 1:31:42]} Nd5 {[%clk 1:29:19]}
9. Bxe7 {[%clk 1:31:47]} Qxe7 {[%clk 1:29:40]} 10. Nbd2 {[%clk 1:29:17]} b5
{[%clk 1:27:13]} 11. b3 {[%clk 1:27:41]} c3 {[%clk 1:24:38]} 12. Ne4
{[%clk 1:27:16]} b4 {[%clk 1:25:00]} 13. a3 {[%clk 1:27:24]} Nc6 {[%clk 1:25:01]}
14. axb4 {[%clk 1:18:30]} Ncxb4 {[%clk 1:24:01]} 15. Qc1 {[%clk 1:18:51]} Ba6
{[%clk 1:19:59]} 16. Re1 {[%clk 1:19:11]} c2 {[%clk 1:19:54]} 17. Nc5
{[%clk 1:14:27]} Bb5 {[%clk 1:16:32]} 18. Qd2 {[%clk 1:12:59]} a5
{[%clk 1:15:35]} 19. Rec1 {[%clk 1:05:42]} c6 {[%clk 1:12:35]} 20. Ne1
{[%clk 0:40:08]} e5 {[%clk 0:59:54]} 21. e4 {[%clk 0:34:21]} exd4
{[%clk 0:49:58]} 22. Qxd4 {[%clk 0:34:44]} Nc7 {[%clk 0:43:31]} 23. Nxc2
{[%clk 0:33:56]} Rfd8 {[%clk 0:43:15]} 24. Qe3 {[%clk 0:32:36]} Nd3
{[%clk 0:40:29]} 25. Nxd3 {[%clk 0:32:57]} Rxd3 {[%clk 0:40:55]} 26. Qe1
{[%clk 0:32:27]} Ne6 {[%clk 0:35:19]} 27. Rxa5 {[%clk 0:28:09]} Rxa5
{[%clk 0:32:38]} 28. Qxa5 {[%clk 0:28:36]} Rxb3 {[%clk 0:32:22]} 29. Qa1
{[%clk 0:21:41]} Rd3 {[%clk 0:30:32]} 30. e5 {[%clk 0:19:23]} g6 {[%clk 0:27:12]}
31. h4 {[%clk 0:12:51]} Rd2 {[%clk 0:23:12]} 32. Qc3 {[%clk 0:08:14]} Qd8
{[%clk 0:18:54]} 33. Be4 {[%clk 0:05:24]} Re2 {[%clk 0:12:13]} 34. Bf3
{[%clk 0:05:04]} Qd2 {[%clk 0:10:34]} 35. Qxd2 {[%clk 0:05:20]} Rxd2
{[%clk 0:11:02]} 36. Kg2 {[%clk 0:04:49]} Kg7 {[%clk 0:09:21]} 37. h5
{[%clk 0:04:17]} c5 {[%clk 0:03:45]} 38. Ne3 {[%clk 0:04:01]} f6 {[%clk 0:01:25]}
39. Rb1 {[%clk 0:01:38]} Nd4 {[%clk 0:00:43]} 40. h6+ {[%clk 0:31:59]} Kf7
{[%clk 0:31:04]} 41. Bd5+ {[%clk 0:31:17]} Ke7 {[%clk 0:30:34]} 42. e6
{[%clk 0:23:39]} f5 {[%clk 0:18:02]} 43. Ra1 {[%clk 0:20:50]} Nxe6
{[%clk 0:16:17]} 44. Ra7+ {[%clk 0:19:26]} Bd7 {[%clk 0:16:30]} 45. Bf3
{[%clk 0:17:20]} Ng5 {[%clk 0:08:18]} 46. Nd5+ {[%clk 0:15:32]} Kd6
{[%clk 0:06:33]} 47. Nf6 {[%clk 0:10:13]} Ke7 {[%clk 0:04:20]} 48. Nd5+
{[%clk 0:10:23]} Kd6 {[%clk 0:04:49]} 49. Nf6 {[%clk 0:08:44]} Ke7
{[%clk 0:05:16]} 50. Nd5+ {[%clk 0:09:08]} 1/2-1/2

[Event "World Chess Olympiad 2018"]
[Site "Batumi"]
[Date "2018.10.04"]
[Round "10"]
[Board "3"]
[WhiteFideId "608742"]
[White "Fressinet Laurent"]
[BlackFideId "14502569"]
[Black "Stevic Hrvoje"]
[Result "1-0"]
[LiveChessVersion "1.4.8"]
[BlackElo "2579"]
[WhiteElo "2649"]

1. e4 {[%clk 1:30:56]} e5 {[%clk 1:30:53]} 2. Nf3 {[%clk 1:31:21]} Nc6
{[%clk 1:31:18]} 3. Bb5 {[%clk 1:31:43]} g6 {[%clk 1:31:35]} 4. c3
{[%clk 1:31:38]} a6 {[%clk 1:31:46]} 5. Bxc6 {[%clk 1:31:05]} dxc6
{[%clk 1:32:09]} 6. d4 {[%clk 1:31:27]} exd4 {[%clk 1:32:30]} 7. cxd4
{[%clk 1:31:51]} Bg4 {[%clk 1:32:39]} 8. Qb3 {[%clk 1:31:37]} Bxf3
{[%clk 1:32:29]} 9. gxf3 {[%clk 1:31:47]} Bg7 {[%clk 1:28:50]} 10. Be3
{[%clk 1:30:58]} Ne7 {[%clk 1:21:13]} 11. Nc3 {[%clk 1:26:34]} Bxd4
{[%clk 1:16:00]} 12. O-O-O {[%clk 1:26:02]} Bxe3+ {[%clk 1:08:18]} 13. fxe3
{[%clk 1:23:56]} Qc8 {[%clk 1:07:08]} 14. h4 {[%clk 1:11:23]} b6 {[%clk 0:49:06]}
15. h5 {[%clk 1:04:04]} Qe6 {[%clk 0:49:05]} 16. Qa4 {[%clk 0:54:27]} O-O
{[%clk 0:31:01]} 17. Qd4 {[%clk 0:46:10]} c5 {[%clk 0:15:09]} 18. Qd7
{[%clk 0:42:58]} Rac8 {[%clk 0:15:24]} 19. f4 {[%clk 0:38:26]} Nc6
{[%clk 0:13:34]} 20. hxg6 {[%clk 0:32:13]} hxg6 {[%clk 0:14:02]} 21. Qd2
{[%clk 0:32:19]} Kg7 {[%clk 0:13:43]} 22. Nd5 {[%clk 0:32:14]} Nb4
{[%clk 0:04:52]} 23. f5 {[%clk 0:31:08]} Nxa2+ {[%clk 0:05:20]} 24. Kb1
{[%clk 0:31:28]} Qxe4+ {[%clk 0:05:47]} 25. Kxa2 {[%clk 0:31:52]} Qxf5
{[%clk 0:06:00]} 26. e4 {[%clk 0:32:06]} 1-0

[Event "World Chess Olympiad 2018"]
[Site "Batumi"]
[Date "2018.10.04"]
[Round "10"]
[Board "4"]
[WhiteFideId "14506688"]
[White "Brkic Ante"]
[BlackFideId "633429"]
[Black "Edouard Romain"]
[Result "1/2-1/2"]
[LiveChessVersion "1.4.8"]
[BlackElo "2646"]
[WhiteElo "2565"]

1. e4 {[%clk 1:30:58]} e6 {[%clk 1:30:55]} 2. d4 {[%clk 1:30:57]} d5
{[%clk 1:31:20]} 3. Nc3 {[%clk 1:31:23]} Bb4 {[%clk 1:31:43]} 4. e5
{[%clk 1:31:37]} c5 {[%clk 1:32:06]} 5. a3 {[%clk 1:32:02]} Ba5 {[%clk 1:32:30]}
6. b4 {[%clk 1:31:06]} cxd4 {[%clk 1:32:46]} 7. Qg4 {[%clk 1:30:46]} Kf8
{[%clk 1:33:03]} 8. Nb5 {[%clk 1:30:17]} Bb6 {[%clk 1:33:23]} 9. Nf3
{[%clk 1:29:51]} Nc6 {[%clk 1:33:33]} 10. Bb2 {[%clk 1:29:02]} Nge7
{[%clk 1:33:11]} 11. Nbxd4 {[%clk 1:28:29]} h5 {[%clk 1:32:36]} 12. Qf4
{[%clk 1:28:45]} Ng6 {[%clk 1:32:51]} 13. Nxc6 {[%clk 1:28:29]} Nxf4
{[%clk 1:33:13]} 14. Nxd8 {[%clk 1:28:56]} Bxd8 {[%clk 1:33:38]} 15. g3
{[%clk 1:29:16]} Ng6 {[%clk 1:34:05]} 16. Bd3 {[%clk 1:29:34]} Ne7
{[%clk 1:34:04]} 17. b5 {[%clk 1:23:05]} a6 {[%clk 1:33:04]} 18. a4
{[%clk 1:23:06]} g6 {[%clk 1:33:30]} 19. Ke2 {[%clk 1:19:40]} Bd7
{[%clk 1:27:33]} 20. Rhb1 {[%clk 1:14:02]} Kg7 {[%clk 1:27:22]} 21. Bc1
{[%clk 1:13:47]} Nf5 {[%clk 1:26:48]} 22. h4 {[%clk 1:12:46]} axb5
{[%clk 1:16:05]} 23. axb5 {[%clk 0:54:50]} Bb6 {[%clk 1:16:13]} 24. Rxa8
{[%clk 0:39:06]} Rxa8 {[%clk 1:16:35]} 25. Bb2 {[%clk 0:39:34]} Ra4
{[%clk 1:03:57]} 26. Bc3 {[%clk 0:34:29]} Ra3 {[%clk 0:59:38]} 27. Bb2
{[%clk 0:33:43]} Ra4 {[%clk 0:59:42]} 28. Bc3 {[%clk 0:34:08]} Ra3
{[%clk 1:00:08]} 29. Bb2 {[%clk 0:34:32]} 1/2-1/2

[Event "World Chess Olympiad 2018"]
[Site "Batumi"]
[Date "2018.10.04"]
[Round "10"]
[Board "1"]
[WhiteFideId "12401137"]
[White "Le Quang Liem"]
[BlackFideId "1202758"]
[Black "Nisipeanu Liviu-Dieter"]
[Result "1/2-1/2"]
[LiveChessVersion "1.4.8"]
[BlackElo "2661"]
[WhiteElo "2715"]

1. e4 {[%clk 1:30:55]} c6 {[%clk 1:30:53]} 2. d4 {[%clk 1:31:11]} d5
{[%clk 1:31:17]} 3. exd5 {[%clk 1:31:27]} cxd5 {[%clk 1:31:42]} 4. Bd3
{[%clk 1:31:49]} Nc6 {[%clk 1:32:09]} 5. c3 {[%clk 1:32:08]} Qc7 {[%clk 1:32:13]}
6. Ne2 {[%clk 1:32:16]} Bg4 {[%clk 1:31:48]} 7. O-O {[%clk 1:32:34]} e6
{[%clk 1:29:39]} 8. Qe1 {[%clk 1:32:54]} Bxe2 {[%clk 1:21:49]} 9. Qxe2
{[%clk 1:33:15]} Nf6 {[%clk 1:21:46]} 10. Nd2 {[%clk 1:33:03]} Bd6
{[%clk 1:21:55]} 11. g3 {[%clk 1:30:56]} O-O {[%clk 1:18:48]} 12. f4
{[%clk 1:31:06]} a6 {[%clk 1:14:56]} 13. Nf3 {[%clk 1:26:03]} b5 {[%clk 1:15:02]}
14. a3 {[%clk 1:19:27]} Ne7 {[%clk 0:57:20]} 15. Bd2 {[%clk 1:17:14]} Qb7
{[%clk 0:56:33]} 16. Rae1 {[%clk 1:14:46]} Rab8 {[%clk 0:41:30]} 17. Ng5
{[%clk 1:08:30]} Qd7 {[%clk 0:35:50]} 18. g4 {[%clk 1:05:52]} a5 {[%clk 0:34:50]}
19. b4 {[%clk 1:04:13]} axb4 {[%clk 0:35:05]} 20. axb4 {[%clk 1:04:36]} h6
{[%clk 0:30:14]} 21. Nh3 {[%clk 1:00:57]} Ne4 {[%clk 0:30:37]} 22. Bxe4
{[%clk 1:00:48]} dxe4 {[%clk 0:31:03]} 23. Qxe4 {[%clk 1:01:07]} Rfe8
{[%clk 0:26:35]} 24. f5 {[%clk 0:55:08]} exf5 {[%clk 0:26:30]} 25. gxf5
{[%clk 0:55:30]} Nd5 {[%clk 0:26:37]} 26. Qf3 {[%clk 0:54:12]} Rxe1
{[%clk 0:23:47]} 27. Rxe1 {[%clk 0:54:15]} Ra8 {[%clk 0:23:05]} 28. Nf2
{[%clk 0:47:16]} Ra3 {[%clk 0:22:31]} 29. Ng4 {[%clk 0:34:02]} Ra2
{[%clk 0:15:08]} 30. Re2 {[%clk 0:24:41]} Bf4 {[%clk 0:12:25]} 31. Bxf4
{[%clk 0:21:57]} Rxe2 {[%clk 0:12:49]} 32. Qxe2 {[%clk 0:20:32]} Nxf4
{[%clk 0:13:04]} 33. Qe4 {[%clk 0:19:51]} Nd5 {[%clk 0:11:54]} 34. Qf3
{[%clk 0:16:34]} Qd8 {[%clk 0:07:40]} 35. Kf1 {[%clk 0:13:20]} Qa8
{[%clk 0:07:23]} 36. Nf2 {[%clk 0:08:44]} Qc6 {[%clk 0:05:53]} 37. Nd1
{[%clk 0:05:52]} Nxb4 {[%clk 0:05:12]} 38. Kf2 {[%clk 0:06:03]} Qd6
{[%clk 0:02:15]} 39. cxb4 {[%clk 0:04:54]} Qxd4+ {[%clk 0:02:39]} 40. Kg2
{[%clk 0:32:53]} Qxb4 {[%clk 0:32:53]} 41. f6 {[%clk 0:31:39]} Qd2+
{[%clk 0:23:43]} 42. Nf2 {[%clk 0:32:00]} Qg5+ {[%clk 0:24:00]} 43. Kh3
{[%clk 0:32:18]} b4 {[%clk 0:17:43]} 44. fxg7 {[%clk 0:28:43]} Qe5
{[%clk 0:16:31]} 45. Qb3 {[%clk 0:20:22]} Qe6+ {[%clk 0:14:16]} 46. Qxe6
{[%clk 0:20:42]} fxe6 {[%clk 0:14:43]} 47. Nd3 {[%clk 0:20:18]} b3
{[%clk 0:15:08]} 48. Kg4 {[%clk 0:20:39]} Kxg7 {[%clk 0:15:32]} 49. h4
{[%clk 0:20:21]} Kf6 {[%clk 0:14:47]} 50. Kf4 {[%clk 0:20:41]} Kg6
{[%clk 0:14:20]} 51. Ne5+ {[%clk 0:20:42]} Kf6 {[%clk 0:14:22]} 52. Nd3
{[%clk 0:20:30]} 1/2-1/2

[Event "World Chess Olympiad 2018"]
[Site "Batumi"]
[Date "2018.10.04"]
[Round "10"]
[Board "2"]
[WhiteFideId "4675789"]
[White "Meier Georg"]
[BlackFideId "12401110"]
[Black "Nguyen Ngoc Truong Son"]
[Result "1/2-1/2"]
[LiveChessVersion "1.4.8"]
[BlackElo "2620"]
[WhiteElo "2639"]

1. d4 {[%clk 1:30:54]} d5 {[%clk 1:30:49]} 2. c4 {[%clk 1:31:18]} c6
{[%clk 1:31:09]} 3. cxd5 {[%clk 1:31:38]} cxd5 {[%clk 1:31:33]} 4. Nc3
{[%clk 1:32:04]} Nf6 {[%clk 1:31:48]} 5. Bf4 {[%clk 1:32:27]} Nc6
{[%clk 1:32:08]} 6. e3 {[%clk 1:32:40]} Bf5 {[%clk 1:30:34]} 7. Qb3
{[%clk 1:32:27]} Na5 {[%clk 1:30:50]} 8. Qa4+ {[%clk 1:32:47]} Bd7
{[%clk 1:30:35]} 9. Qc2 {[%clk 1:33:11]} e6 {[%clk 1:28:03]} 10. Bd3
{[%clk 1:33:28]} Nh5 {[%clk 1:22:01]} 11. Be5 {[%clk 1:33:46]} Nc6
{[%clk 1:19:42]} 12. Qe2 {[%clk 1:34:09]} Nf6 {[%clk 1:18:57]} 13. Nf3
{[%clk 1:30:13]} Nxe5 {[%clk 1:08:07]} 14. Nxe5 {[%clk 1:28:44]} Bd6
{[%clk 1:01:46]} 15. O-O {[%clk 1:23:05]} O-O {[%clk 1:01:01]} 16. f4
{[%clk 1:09:31]} Bc6 {[%clk 0:59:27]} 17. Rac1 {[%clk 1:09:28]} Rc8
{[%clk 0:54:25]} 18. Rc2 {[%clk 1:08:00]} Rc7 {[%clk 0:52:20]} 19. Rfc1
{[%clk 1:07:11]} Qe7 {[%clk 0:49:33]} 20. Nxc6 {[%clk 1:03:34]} Rxc6
{[%clk 0:49:40]} 21. Nb5 {[%clk 1:03:19]} Rxc2 {[%clk 0:49:26]} 22. Rxc2
{[%clk 1:03:33]} Bb8 {[%clk 0:47:53]} 23. g3 {[%clk 1:02:44]} Qd7
{[%clk 0:46:46]} 24. Kg2 {[%clk 1:01:29]} Rc8 {[%clk 0:43:53]} 25. Nc3
{[%clk 1:00:48]} Bd6 {[%clk 0:42:13]} 26. Nb5 {[%clk 1:01:11]} Bb8
{[%clk 0:42:39]} 27. Nc3 {[%clk 1:01:35]} Bd6 {[%clk 0:43:06]} 28. Nb5
{[%clk 1:01:58]} Bb8 {[%clk 0:43:32]} 1/2-1/2

[Event "World Chess Olympiad 2018"]
[Site "Batumi"]
[Date "2018.10.04"]
[Round "10"]
[Board "3"]
[WhiteFideId "12401820"]
[White "Tran Tuan Minh"]
[BlackFideId "24651516"]
[Black "Bluebaum Matthias"]
[Result "1/2-1/2"]
[LiveChessVersion "1.4.8"]
[BlackElo "2618"]
[WhiteElo "2491"]

1. c4 {[%clk 1:30:45]} e6 {[%clk 1:30:23]} 2. Nc3 {[%clk 1:30:49]} Nf6
{[%clk 1:29:38]} 3. e4 {[%clk 1:30:23]} d5 {[%clk 1:29:07]} 4. e5
{[%clk 1:30:45]} d4 {[%clk 1:29:28]} 5. exf6 {[%clk 1:31:07]} dxc3
{[%clk 1:29:54]} 6. bxc3 {[%clk 1:31:19]} Qxf6 {[%clk 1:30:12]} 7. d4
{[%clk 1:31:35]} e5 {[%clk 1:26:54]} 8. Qe2 {[%clk 1:30:23]} Be7 {[%clk 1:17:01]}
9. Qxe5 {[%clk 1:20:22]} Qxe5+ {[%clk 1:15:59]} 10. dxe5 {[%clk 1:20:46]} f6
{[%clk 1:07:27]} 11. Nf3 {[%clk 1:09:00]} Nc6 {[%clk 1:01:51]} 12. Bd3
{[%clk 1:06:47]} Be6 {[%clk 0:50:51]} 13. Nd4 {[%clk 0:48:23]} Nxe5
{[%clk 0:46:52]} 14. Nxe6 {[%clk 0:42:09]} Nxd3+ {[%clk 0:46:14]} 15. Ke2
{[%clk 0:42:30]} Kf7 {[%clk 0:38:16]} 16. Nxc7 {[%clk 0:39:53]} Nxc1+
{[%clk 0:38:20]} 17. Rhxc1 {[%clk 0:40:15]} Rac8 {[%clk 0:38:44]} 18. Nd5
{[%clk 0:40:37]} Rxc4 {[%clk 0:38:53]} 19. Rab1 {[%clk 0:41:00]} b6
{[%clk 0:38:16]} 20. Nxe7 {[%clk 0:39:37]} Kxe7 {[%clk 0:38:02]} 21. Rb4
{[%clk 0:39:56]} Rhc8 {[%clk 0:31:04]} 22. Kd3 {[%clk 0:38:53]} R4c5
{[%clk 0:30:35]} 23. Rd4 {[%clk 0:38:30]} R8c7 {[%clk 0:30:17]} 24. Rc2
{[%clk 0:37:07]} Ke6 {[%clk 0:24:48]} 25. c4 {[%clk 0:34:56]} Ra5
{[%clk 0:20:35]} 26. Kc3 {[%clk 0:35:00]} Re5 {[%clk 0:19:20]} 27. h4
{[%clk 0:31:03]} Rd7 {[%clk 0:18:10]} 28. Rdd2 {[%clk 0:27:42]} Re4
{[%clk 0:14:46]} 29. Re2 {[%clk 0:26:19]} Kf5 {[%clk 0:13:18]} 30. Rxe4
{[%clk 0:26:31]} Kxe4 {[%clk 0:13:47]} 31. Re2+ {[%clk 0:26:46]} Kf4
{[%clk 0:13:43]} 32. a4 {[%clk 0:26:48]} Rc7 {[%clk 0:09:45]} 33. Kd4
{[%clk 0:26:04]} Rd7+ {[%clk 0:09:13]} 34. Kc3 {[%clk 0:26:33]} Rc7
{[%clk 0:07:47]} 35. Kd4 {[%clk 0:26:44]} Rd7+ {[%clk 0:04:51]} 36. Kc3
{[%clk 0:25:49]} Rc7 {[%clk 0:04:52]} 1/2-1/2

[Event "World Chess Olympiad 2018"]
[Site "Batumi"]
[Date "2018.10.04"]
[Round "10"]
[Board "4"]
[WhiteFideId "11600454"]
[White "Fridman Daniel"]
[BlackFideId "12404675"]
[Black "Nguyen Anh Khoi"]
[Result "1/2-1/2"]
[LiveChessVersion "1.4.8"]
[BlackElo "2463"]
[WhiteElo "2591"]

1. Nf3 {[%clk 1:30:57]} Nf6 {[%clk 1:30:48]} 2. c4 {[%clk 1:31:19]} b6
{[%clk 1:30:43]} 3. g3 {[%clk 1:31:43]} Bb7 {[%clk 1:31:02]} 4. Bg2
{[%clk 1:32:07]} e6 {[%clk 1:31:13]} 5. O-O {[%clk 1:32:31]} Be7 {[%clk 1:31:31]}
6. Nc3 {[%clk 1:32:55]} O-O {[%clk 1:31:28]} 7. Re1 {[%clk 1:33:19]} Ne4
{[%clk 1:30:57]} 8. Nxe4 {[%clk 1:33:41]} Bxe4 {[%clk 1:31:19]} 9. d3
{[%clk 1:34:02]} Bb7 {[%clk 1:31:36]} 10. e4 {[%clk 1:34:09]} c5 {[%clk 1:29:43]}
11. d4 {[%clk 1:34:13]} cxd4 {[%clk 1:29:51]} 12. Nxd4 {[%clk 1:34:36]} Nc6
{[%clk 1:24:40]} 13. Nb5 {[%clk 1:34:57]} Bc5 {[%clk 1:18:59]} 14. Be3
{[%clk 1:14:39]} d6 {[%clk 1:02:37]} 15. Bxc5 {[%clk 0:48:55]} dxc5
{[%clk 1:02:59]} 16. e5 {[%clk 0:49:16]} Rb8 {[%clk 0:53:52]} 17. Bxc6
{[%clk 0:46:29]} Bxc6 {[%clk 0:54:13]} 18. Nxa7 {[%clk 0:46:50]} Ba8
{[%clk 0:53:22]} 19. Qxd8 {[%clk 0:46:23]} Rfxd8 {[%clk 0:52:14]} 20. Red1
{[%clk 0:46:32]} Bf3 {[%clk 0:50:59]} 21. Rxd8+ {[%clk 0:46:55]} Rxd8
{[%clk 0:51:21]} 22. Nb5 {[%clk 0:40:27]} g5 {[%clk 0:27:53]} 23. Nc3
{[%clk 0:36:33]} Kg7 {[%clk 0:18:52]} 24. b3 {[%clk 0:20:13]} Kg6
{[%clk 0:18:15]} 25. Re1 {[%clk 0:18:01]} Kf5 {[%clk 0:11:39]} 26. Nb5
{[%clk 0:16:03]} Kg6 {[%clk 0:09:27]} 27. Nd6 {[%clk 0:06:17]} f6
{[%clk 0:07:59]} 28. Re3 {[%clk 0:05:49]} g4 {[%clk 0:05:25]} 29. Rd3
{[%clk 0:06:10]} Ra8 {[%clk 0:02:20]} 30. Rd2 {[%clk 0:05:11]} fxe5 31. Nb5
{[%clk 0:05:21]} Kf6 {[%clk 0:02:00]} 32. Nc3 {[%clk 0:05:04]} Ke7
{[%clk 0:01:38]} 33. Kf1 {[%clk 0:03:16]} h5 {[%clk 0:00:53]} 34. Rd3
{[%clk 0:01:11]} h4 {[%clk 0:00:52]} 35. gxh4 {[%clk 0:00:58]} Rh8
{[%clk 0:00:43]} 36. Kg1 {[%clk 0:00:59]} e4 {[%clk 0:00:40]} 37. Rd2
{[%clk 0:00:44]} Rxh4 {[%clk 0:00:46]} 38. Nd1 {[%clk 0:00:33]} Rh8
{[%clk 0:00:43]} 39. Nc3 {[%clk 0:00:43]} Rb8 {[%clk 0:00:42]} 40. Nb5
{[%clk 0:30:39]} Rf8 {[%clk 0:30:44]} 41. Nc3 {[%clk 0:28:16]} Ra8
{[%clk 0:18:53]} 42. Ne2 {[%clk 0:16:54]} Rb8 {[%clk 0:15:17]} 1/2-1/2

[Event "World Chess Olympiad 2018"]
[Site "Batumi"]
[Date "2018.10.04"]
[Round "10"]
[Board "4"]
[WhiteFideId "14103320"]
[White "Ponomariov Ruslan"]
[BlackFideId "13401653"]
[Black "Mamedov Rauf"]
[Result "1/2-1/2"]
[LiveChessVersion "1.4.8"]
[BlackElo "2699"]
[WhiteElo "2681"]

1. d4 {[%clk 1:30:57]} d5 {[%clk 1:30:51]} 2. Bf4 {[%clk 1:31:13]} Bf5
{[%clk 1:31:17]} 3. e3 {[%clk 1:29:34]} e6 {[%clk 1:31:30]} 4. Nf3
{[%clk 1:21:18]} Nf6 {[%clk 1:30:30]} 5. c4 {[%clk 1:21:03]} Bxb1
{[%clk 1:29:05]} 6. Qxb1 {[%clk 1:19:29]} Bb4+ {[%clk 1:29:23]} 7. Kd1
{[%clk 1:19:39]} Bd6 {[%clk 1:24:44]} 8. Bg5 {[%clk 1:17:07]} Be7
{[%clk 1:20:49]} 9. Bd3 {[%clk 1:13:54]} h6 {[%clk 1:16:32]} 10. Bxf6
{[%clk 1:10:43]} Bxf6 {[%clk 1:16:39]} 11. cxd5 {[%clk 1:11:01]} exd5
{[%clk 1:14:37]} 12. b4 {[%clk 1:09:34]} c6 {[%clk 1:11:26]} 13. Ke2
{[%clk 1:07:02]} Nd7 {[%clk 1:04:02]} 14. Rc1 {[%clk 1:02:25]} a6
{[%clk 0:57:32]} 15. a4 {[%clk 1:00:25]} O-O {[%clk 0:55:57]} 16. Qb3
{[%clk 0:52:56]} Re8 {[%clk 0:45:13]} 17. Kf1 {[%clk 0:49:19]} Nb6
{[%clk 0:40:52]} 18. g3 {[%clk 0:47:30]} Qd7 {[%clk 0:31:13]} 19. Kg2
{[%clk 0:47:39]} h5 {[%clk 0:31:17]} 20. h3 {[%clk 0:44:50]} g6 {[%clk 0:26:14]}
21. Qc3 {[%clk 0:40:29]} Qd6 {[%clk 0:24:25]} 22. Qc5 {[%clk 0:29:55]} Qd8
{[%clk 0:24:21]} 23. Qc3 {[%clk 0:20:16]} Qd6 {[%clk 0:24:16]} 24. Qc5
{[%clk 0:17:13]} Qd8 {[%clk 0:24:41]} 25. Qc3 {[%clk 0:16:08]} 1/2-1/2